Statystyki dla Pierwsze 40 Krajów Według Rankingu FIFA (Update 23.11.2020)

Kliknij tutaj aby rozwiązać quiz!

Ogólne statystyki

  • Ten quiz został rozwiązany 12,501 razy
    (142 od ostatniego zresetowania)
  • Średni wynik to 31 z 40

Statystyki odpowiedzi

Pozycja Nazwa Kraju % Correct
18Polska
100%
1Belgia
98%
3Brazylia
98%
2Francja
98%
8Argentyna
97%
14Niemcy
96%
5Portugalia
96%
6Hiszpania
96%
15Holandia
96%
34Rosja
95%
4Anglia
93%
22Stany Zjednoczone
93%
12Włochy
92%
19Szwecja
89%
27Japonia
88%
9Chorwacja
87%
10Kolumbia
86%
11Meksyk
82%
17Chile
82%
7Urugwaj
81%
16Szwajcaria
80%
36Irlandia
80%
23Ukraina
79%
13Dania
78%
25Austria
78%
21Senegal
76%
33Turcja
71%
30Serbia
64%
37Słowacja
64%
38Korea Południowa
64%
20Walia
62%
40Islandia
62%
29Iran
61%
32Nigeria
61%
24Peru
59%
30Algieria
58%
39Maroko
51%
35Paragwaj
46%
26Tunezja
42%
28Wenezuela
42%

Rozkład punktacji

Percentyl według liczby udzielonych odpowiedzi

Procent ludzi z każdym wynikiem

Twoja historia wyników

Nie rozwiązałeś tego quizu od ostatniego zresetowania